banner-ar

قصص من الغرب / (Record no. 47549)

MARC details
000 -الفاتح
حقل البيانات ثابتة الطول 00440nam a2200157Ia 4500
008 - عناصر البيانات ثابتة الطول - معلومات عامة
حقل البيانات ثابتة الطول 140319s9999 xx 000 0 ara d
040 ## - مصدر الفهرسة
وكالة الفهرسة الأصلية GCL /
وكالة النسخ GCL
082 04 - رقم تصنيف ديوى العشرى
رقم التصنيف 808.83
رقم المادة ه ق
100 1# - المدخل الرئيسى - إسم شخصى
الإسم الشخصى همنجواى، ارنست
245 10 - بيان العنوان
العنوان قصص من الغرب /
بيان المسئوليه,etc همنجواى، ارنست
700 1# - المدخل الاضافى - اسم شخصى
الإسم الشخصى عايد الرباط
700 1# - المدخل الاضافى - اسم شخصى
الإسم الشخصى عبدالرحيم سرور
300 ## - الوصف المادى
التعداد 88 ص
490 ## - بيان السلسلة
عنوان السلسلة كتب ثقافية
رقم المجلد/ التعيين التسلسلي 0
Holdings
حالة التراجع حالة الفقد حالة تلف ليس للاعارة المكان المؤقت الموقع الحالى تاريخ الاكتساب اجمالي اﻻعارات رقم الطلب الباركود تاريخ اخر مشاهدة تاريخ تفعيل السعر نوع وعاء كوها
        مكتبة القاهرة الكبرى مكتبة القاهرة الكبرى 03/26/2014   808.83\ه ق 114801 03/26/2014 03/26/2014 كتاب

Powered By

EGPV